00986 a2200241 4500003000500000005001700005010001700022020003600039020003900075035002100114035002400135040000900159082001900168100002700187245006000214250001200274260003600286300004100322440005500363505021800418650002500636856008300661Nust20221018102524.0 a 2008019000 a0470167351 (cloth : alk. paper) a9780470167359 (cloth : alk. paper) a(OCoLC)226308201 a(OCoLC)ocn226308201 cNust00a620.001171,BLA1 aBlanchard, Benjamin S.10aSystem engineering management /cBenjamin S. Blanchard. a4th ed. aHoboken, N.J. :bWiley,cc2008. axviii, 539 p. :bill., map ;c25 cm. 0aWiley series in systems engineering and management aIntroduction to system engineering (Page-1) ,The system engineering process (Page-51), System design requirements (Page-123), Engineering design methods and tools (Page-217), Design review and evolution (Page-243) 0aSystems engineering.413Table of contents onlyuhttp://www.loc.gov/catdir/toc/ecip0817/2008019000.html